00233nam a2200097Ia 4500008004100000041000800041100001800049245002700067260002100094700002000115241105s9999 xx 000 0 und d aeng aJain Darshita aSanctuary Resort, Bor. bBNCA, Punec2018 a Andhare Sayali